[Event "Montreal CC-ch"]
[Site "Montreal CAN"]
[Date "2014.06.15"]
[Round "4"]
[White "Barko, Maxim"]
[Black "Ouellet, Maili-Jade"]
[Result "1-0"]
[WhiteElo "1890"]
[BlackElo "1809"]
[PlyCount "78"]
[EventDate "2014.06.01"]
[EventType "swiss"]
[EventRounds "5"]
[EventCountry "CAN"]

1. d4 d5 2. c4 e6 3. Nc3 Nf6 4. cxd5 exd5 5. Bg5 Be7 6. Qc2 O-O 7. e3 c6 8. Bd3
Nbd7 9. Nge2 Re8 10. O-O h6 11. Bh4 Ne4 12. Bxe7 Qxe7 13. Rae1 Ndf6 14. f3 Nd6
15. Nf4 Nc4 16. e4 Qb4 17. e5 Ne3 18. exf6 Qxd4 19. Bh7+ Kh8 20. fxg7+ Qxg7 21.
Qd3 d4 22. Nd1 Qe5 23. g3 c5 24. b3 a6 25. Rf2 b5 26. Nxe3 dxe3 27. Rfe2 c4 28.
Qe4 Bd7 29. Qxe5+ Rxe5 30. Be4 Rae8 31. Rxe3 Kg7 32. Kf2 c3 33. Bc2 f6 34. Nd3
Rh5 35. h4 Rd8 36. Nf4 Rd5 37. Re7+ Kf8 38. Rxd7 R8xd7 39. Ne6+ Kf7 1-0

[Event "Montreal CC-ch"]
[Site "Montreal CAN"]
[Date "2014.06.15"]
[Round "4"]
[White "Boudreau, Daniel"]
[Black "Tremblay, Alain"]
[Result "0-1"]
[WhiteElo "2062"]
[BlackElo "2164"]
[PlyCount "69"]
[EventDate "2014.06.01"]
[EventType "swiss"]
[EventRounds "5"]
[EventCountry "CAN"]

1. e4 g6 2. f4 Bg7 3. Nf3 c6 4. d4 d5 5. e5 Nh6 6. Bd3 O-O 7. O-O f6 8. c3 Bg4
9. Nbd2 fxe5 10. fxe5 e6 11. h3 Bf5 12. Nb3 Bxd3 13. Qxd3 Nd7 14. Bd2 Qe7 15.
Na5 Rab8 16. b4 Nf7 17. c4 dxc4 18. Nxc4 Rbd8 19. Qe4 Nb6 20. Nxb6 axb6 21. a4
Bh6 22. Bxh6 Nxh6 23. Rfb1 Rd5 24. g4 Rfd8 25. Kg2 Ra8 26. Kg3 Rad8 27. Qe3 Nf7
28. h4 Kh8 29. g5 Kg8 30. Qf4 Rf8 31. Qe4 Rfd8 32. Qe3 c5 33. bxc5 bxc5 34.
dxc5 Qd7 35. Re1 {...} 0-1

[Event "Montreal CC-ch"]
[Site "Montreal CAN"]
[Date "2014.06.15"]
[Round "4"]
[White "Cloutier, Mathieu"]
[Black "Perna-Fraser, David"]
[Result "1-0"]
[WhiteElo "2031"]
[BlackElo "1811"]
[PlyCount "109"]
[EventDate "2014.06.01"]
[EventType "swiss"]
[EventRounds "5"]
[EventCountry "CAN"]

1. e4 e5 2. Nf3 Nf6 3. Nxe5 d6 4. Nf3 Nxe4 5. d4 d5 6. Bd3 Bd6 7. O-O O-O 8. c4
c6 9. Re1 Re8 10. Qb3 Nf6 11. Rxe8+ Qxe8 12. Nc3 dxc4 13. Bxc4 Nbd7 14. Bd2 Nb6
15. Re1 Qf8 16. Bd3 Bg4 17. Ng5 Bh5 18. Nce4 Nxe4 19. Bxe4 h6 20. Qh3 hxg5 21.
Qxh5 f5 22. Bc2 Bb4 23. Bxb4 Qxb4 24. Re8+ Rxe8 25. Qxe8+ Qf8 26. Qe6+ Qf7 27.
Bxf5 Qxe6 28. Bxe6+ Kf8 29. Kf1 Ke7 30. Bb3 Kf6 31. Ke2 Nc8 32. Ke3 Nd6 33. Bc2
Ke6 34. b3 a5 35. Be4 Ke7 36. a4 Ke6 37. f4 gxf4+ 38. Kxf4 g5+ 39. Ke3 Kf6 40.
h3 Ke6 41. g3 Kf6 42. h4 gxh4 43. gxh4 Nf7 44. Kf4 Nd6 45. h5 Kg7 46. Bd3 Kh6
47. Bg6 b5 48. Ke5 Nb7 49. Be8 bxa4 50. bxa4 c5 51. d5 c4 52. Kd4 Nd6 53. Bg6
Kg7 54. Kc5 Nc8 55. d6 1-0

[Event "Montreal CC-ch"]
[Site "Montreal CAN"]
[Date "2014.06.15"]
[Round "4"]
[White "Fortin-Lavoie, Patrice"]
[Black "Nica, Ion"]
[Result "1-0"]
[WhiteElo "1844"]
[BlackElo "1616"]
[PlyCount "93"]
[EventDate "2014.06.01"]
[EventType "swiss"]
[EventRounds "5"]
[EventCountry "CAN"]

1. e4 c5 2. Nf3 g6 3. d4 cxd4 4. Nxd4 Nc6 5. Bc4 Bg7 6. c3 Nf6 7. Qe2 d5 8.
exd5 Nxd5 9. Nxc6 bxc6 10. O-O O-O 11. Rd1 Be6 12. Na3 Qc7 13. Qf3 Be5 14. h3
Rab8 15. Nc2 Rfd8 16. Nd4 Rd6 17. Qe4 Nf6 18. Qxe5 Bxc4 19. Re1 c5 20. Nf3 Qc6
21. Bf4 Be6 22. Qe2 Re8 23. Bxd6 exd6 24. Qd2 Kg7 25. Ng5 h6 26. Nxe6+ fxe6 27.
c4 e5 28. Rad1 Re6 29. Qa5 Qb6 30. Qxb6 axb6 31. Re3 Kf7 32. Ra3 Nd7 33. Ra7
Ke7 34. Rd3 Kd8 35. Rda3 Kc8 36. Ra8+ Nb8 37. R3a7 b5 38. cxb5 d5 39. Rg7 Rb6
40. a4 e4 41. Re7 d4 42. Re5 Kb7 43. Rxb8+ Kxb8 44. Rd5 d3 45. Kf1 Re6 46. f3
exf3 47. Rxd3 1-0

[Event "Montreal CC-ch"]
[Site "Montreal CAN"]
[Date "2014.06.15"]
[Round "4"]
[White "Gauthier, Luc"]
[Black "Ostaci, Liviu"]
[Result "1-0"]
[WhiteElo "1776"]
[BlackElo "1605"]
[PlyCount "61"]
[EventDate "2014.06.01"]
[EventType "swiss"]
[EventRounds "5"]
[EventCountry "CAN"]

1. e4 e6 2. d4 d5 3. e5 c5 4. c3 Nc6 5. Nf3 Qb6 6. Bd3 Bd7 7. dxc5 Bxc5 8. O-O
Qc7 9. b4 Bb6 10. Re1 Nge7 11. Ba3 Ng6 12. Bxg6 hxg6 13. b5 Na5 14. Bd6 Qc4 15.
Na3 Qf4 16. Rb1 Rc8 17. Rb4 Qh6 18. Rh4 Qxh4 19. Nxh4 Rxh4 20. Qd2 Bd8 21. g3
Rh8 22. Bb4 Nc4 23. Nxc4 Rxc4 24. a4 Rh5 25. f4 a6 26. bxa6 bxa6 27. Qf2 Bxa4
28. Qa7 Bb5 29. Qb8 Rh8 30. Ba5 Ke7 31. Qd6+ 1-0

[Event "Montreal CC-ch"]
[Site "Montreal CAN"]
[Date "2014.06.15"]
[Round "4"]
[White "He, Shao Hang"]
[Black "Rondon, Luciano"]
[Result "1-0"]
[WhiteElo "1689"]
[BlackElo "1897"]
[PlyCount "111"]
[EventDate "2014.06.01"]
[EventType "swiss"]
[EventRounds "5"]
[EventCountry "CAN"]

1. d4 Nf6 2. c4 e6 3. Nf3 c5 4. Nc3 cxd4 5. Nxd4 a6 6. a3 d6 7. Bg5 Be7 8. e3
O-O 9. Bd3 Nc6 10. Nxc6 bxc6 11. Qc2 h6 12. Bh4 e5 13. O-O Be6 14. Qe2 Nd7 15.
Bxe7 Qxe7 16. b4 f5 17. e4 f4 18. f3 g5 19. Rfd1 g4 20. fxg4 Qh4 21. Qf2 Qxf2+
22. Kxf2 Bxg4 23. Be2 Bxe2 24. Kxe2 Nb6 25. Rxd6 Nxc4 26. Rxc6 Ne3 27. Rxh6 Kg7
28. Re6 Rfe8 29. Rxe8 Rxe8 30. g3 Nc2 31. Ra2 Nd4+ 32. Kf2 f3 33. Na4 Rc8 34.
Nc5 Rc6 35. Rb2 Rh6 36. h4 Rc6 37. Nb3 Rc3 38. Nxd4 exd4 39. Rd2 Kf6 40. Rxd4
Ke5 41. Rd2 Rxa3 42. h5 Kxe4 43. h6 Rc3 44. h7 Rc8 45. g4 Kf4 46. Rd4+ Ke5 47.
Rd2 Ke4 48. g5 Kf5 49. Kxf3 Kxg5 50. Rh2 Rh8 51. Ke4 Kf6 52. Kd5 Ke7 53. Kc6
Ke6 54. Kb6 Kd6 55. Kxa6 Kc7 56. Rh6 1-0

[Event "Montreal CC-ch"]
[Site "Montreal CAN"]
[Date "2014.06.15"]
[Round "4"]
[White "Lamoureux, Yvon"]
[Black "Varfalvy, Peter"]
[Result "1/2-1/2"]
[WhiteElo "1696"]
[BlackElo "1461"]
[PlyCount "70"]
[EventDate "2014.06.01"]
[EventType "swiss"]
[EventRounds "5"]
[EventCountry "CAN"]

1. e4 g6 2. f4 Bg7 3. Nf3 c5 4. c3 d6 5. h3 Nc6 6. d3 Nf6 7. g4 h5 8. g5 Nh7 9.
Nh4 e6 10. Rg1 Nf8 11. Na3 a6 12. Nc2 f5 13. exf5 exf5 14. Qe2+ Kf7 15. Bg2 Bd7
16. Bd5+ Be6 17. Bxe6+ Nxe6 18. Nxg6 Re8 19. Be3 Kxg6 20. O-O-O Ncd4 21. cxd4
Nxd4 22. Qf2 Nxc2 23. Kxc2 Qd7 24. Rge1 Re6 25. Bd2 Rae8 26. Rxe6+ Rxe6 27. Re1
Bd4 28. Qf1 b5 29. Rxe6+ Qxe6 30. b3 b4 31. Qe1 Qxe1 32. Bxe1 Be3 33. Bd2 Bd4
34. Kd1 d5 35. Ke2 Ba1 1/2-1/2

[Event "Montreal CC-ch"]
[Site "Montreal CAN"]
[Date "2014.06.15"]
[Round "4"]
[White "Lopez Linares, Lizandro"]
[Black "Sprumont, Oscar"]
[Result "1-0"]
[WhiteElo "2189"]
[BlackElo "2042"]
[PlyCount "105"]
[EventDate "2014.06.01"]
[EventType "swiss"]
[EventRounds "5"]
[EventCountry "CAN"]

1. d4 Nf6 2. Bg5 g6 3. Nf3 Bg7 4. Nbd2 d5 5. e3 O-O 6. Bd3 c5 7. c3 cxd4 8.
cxd4 b6 9. Qe2 Bb7 10. O-O Ne4 11. Bh4 Qd6 12. Rfc1 Nd7 13. Ba6 Bxa6 14. Qxa6
Bf6 15. Bg3 Nxg3 16. hxg3 e5 17. Nb3 e4 18. Nfd2 Rfb8 19. Rc2 Be7 20. Rac1 Qe6
21. Rc6 Bd6 22. Nc5 Qe7 23. Nb7 Bb4 24. Nb3 Re8 25. Rc7 Nb8 26. Qb5 Qe6 27.
Qxb4 Na6 28. Qd6 Nxc7 29. Rxc7 Rac8 30. Qxe6 fxe6 31. Rd7 Rc2 32. f3 exf3 33.
gxf3 Rxb2 34. Rc7 Rxa2 35. Nc1 Ra3 36. Kf2 a5 37. Nd6 Rb8 38. Ne2 Ra2 39. Ke1
g5 40. g4 b5 41. Ng3 b4 42. Nh5 Rf8 43. Rg7+ Kh8 44. Nf7+ Rxf7 45. Rxf7 Kg8 46.
Rb7 Rb2 47. Nf6+ Kf8 48. Nd7+ Kg8 49. Nc5 Rb1+ 50. Kd2 Rb2+ 51. Kd3 Rf2 52.
Nxe6 Rxf3 53. Rb8+ 1-0

[Event "Montreal CC-ch"]
[Site "Montreal CAN"]
[Date "2014.06.15"]
[Round "4"]
[White "Millette, Sylvain"]
[Black "Perrault, Marc"]
[Result "1/2-1/2"]
[WhiteElo "1706"]
[BlackElo "1526"]
[PlyCount "66"]
[EventDate "2014.06.01"]
[EventType "swiss"]
[EventRounds "5"]
[EventCountry "CAN"]

1. Nf3 d5 2. g3 Bg4 3. Bg2 Nf6 4. d4 e6 5. c3 Bd6 6. Nbd2 O-O 7. O-O Nbd7 8.
Re1 a5 9. e4 dxe4 10. Nxe4 Nxe4 11. Rxe4 Nf6 12. Bg5 Bf5 13. Re1 Bg4 14. Qb3 h6
15. Bxf6 Qxf6 16. Ne5 Bxe5 17. Rxe5 Bf3 18. Bxf3 Qxf3 19. Rae1 a4 20. Qb4 Ra6
21. Rb5 Rd8 22. Rxb7 e5 23. Rb8 Rxb8 24. Qxb8+ Kh7 25. dxe5 Rb6 26. Qxc7 Rxb2
27. Qc5 Rxa2 28. Qd4 Rc2 29. c4 a3 30. Rb1 a2 31. Rb3 Qe2 32. Qa1 Rb2 33. Kg2
Qe4+ 1/2-1/2

[Event "Montreal CC-ch"]
[Site "Montreal CAN"]
[Date "2014.06.15"]
[Round "4"]
[White "Nesterov, Timour"]
[Black "Zumsteg, Nicolas"]
[Result "0-1"]
[WhiteElo "1450"]
[BlackElo "1730"]
[PlyCount "72"]
[EventDate "2014.06.01"]
[EventType "swiss"]
[EventRounds "5"]
[EventCountry "CAN"]

1. e4 c6 2. d4 d5 3. e5 Bf5 4. Bd3 Bxd3 5. Qxd3 e6 6. Ne2 c5 7. c3 Nc6 8. O-O
cxd4 9. cxd4 Nge7 10. a3 Nc8 11. f4 f5 12. g4 g6 13. gxf5 gxf5 14. Nd2 Rg8+ 15.
Kh1 Nb6 16. b4 Rc8 17. Bb2 Rc7 18. Rac1 Rcg7 19. Ng3 Qh4 20. Rf3 Rg4 21. Ne2
Rg2 22. Nf1 Rf2 23. Rh3 Qg4 24. Rg3 Qxe2 25. Qxe2 Rxe2 26. Rxg8 Rxb2 27. Ne3
Nxd4 28. Rc7 Nc4 29. Nxc4 dxc4 30. Rxh7 c3 31. Rhh8 c2 32. Rxf8+ Ke7 33. Re8+
Kd7 34. Rd8+ Kc7 35. Rc8+ Kb6 36. Rhd8 Nc6 0-1

[Event "Montreal CC-ch"]
[Site "Montreal CAN"]
[Date "2014.06.14"]
[Round "4"]
[White "Tinica, Gabriel"]
[Black "Struben, Jeroen"]
[Result "1/2-1/2"]
[WhiteElo "1488"]
[BlackElo "1793"]
[PlyCount "56"]
[EventDate "2014.06.01"]
[EventType "swiss"]
[EventRounds "5"]
[EventCountry "CAN"]

1. d4 Nf6 2. c4 c5 3. d5 g6 4. Nc3 Bg7 5. e4 d6 6. Nf3 O-O 7. Bd3 Na6 8. a3 Nc7
9. O-O a6 10. a4 b6 11. Bf4 Bg4 12. h3 Bxf3 13. Qxf3 Nd7 14. Qe2 Kh8 15. Bg3
Ne5 16. Bxe5 Bxe5 17. f4 Bd4+ 18. Kh1 e6 19. Rae1 exd5 20. exd5 Qh4 21. Ne4
Rfe8 22. f5 Re5 23. fxg6 hxg6 24. Qd2 f5 25. Nxd6 Qg3 26. Nxf5 gxf5 27. Bxf5
Rae8 28. Rd1 Re2 {...} 1/2-1/2

[Event "Montreal CC-ch"]
[Site "Montreal CAN"]
[Date "2014.06.15"]
[Round "5"]
[White "Baran, Marius"]
[Black "Luo, Zhao Yang"]
[Result "0-1"]
[WhiteElo "1689"]
[BlackElo "2078"]
[PlyCount "84"]
[EventDate "2014.06.01"]
[EventType "swiss"]
[EventRounds "5"]
[EventCountry "CAN"]

1. e4 c6 2. d4 d5 3. Nc3 dxe4 4. Nxe4 Bf5 5. Ng3 Bg6 6. Nf3 Nd7 7. Bd3 Bxd3 8.
Qxd3 Ngf6 9. O-O g6 10. Re1 Bg7 11. Bg5 O-O 12. Rad1 Re8 13. c4 Qa5 14. a3 Rad8
15. Ne5 b6 16. Qf3 Nxe5 17. dxe5 Nd7 18. e6 fxe6 19. Qe3 e5 20. Ne4 Qa6 21. Qb3
Nf6 22. Bxf6 Bxf6 23. c5+ Kg7 24. g4 h6 25. Re3 Qc8 26. h3 Rd4 27. Kg2 Red8 28.
Rc1 b5 29. Kg3 Qd7 30. h4 h5 31. f3 hxg4 32. fxg4 Rh8 33. Rh1 Qd5 34. Qxd5 cxd5
35. g5 dxe4 36. Rc1 Rd3 37. Rc3 Rhd8 38. Kf2 Kf7 39. gxf6 exf6 40. Ke2 Rd2+ 41.
Kf1 Rh2 42. Rb3 Rd1+ 0-1

[Event "Montreal CC-ch"]
[Site "Montreal CAN"]
[Date "2014.06.15"]
[Round "5"]
[White "Boudreau, Daniel"]
[Black "Fortin-Lavoie, Patrice"]
[Result "1-0"]
[WhiteElo "2062"]
[BlackElo "1844"]
[PlyCount "131"]
[EventDate "2014.06.01"]
[EventType "swiss"]
[EventRounds "5"]
[EventCountry "CAN"]

1. e4 Nc6 2. Nf3 e5 3. Bc4 Nf6 4. d3 Be7 5. c3 d5 6. exd5 Nxd5 7. Qe2 Bg4 8. h3
Bxf3 9. Qxf3 Nf6 10. Bb5 Qd5 11. Qxd5 Nxd5 12. O-O O-O-O 13. Re1 f6 14. d4 exd4
15. Bxc6 bxc6 16. cxd4 Nb4 17. Na3 Rhe8 18. Rd1 f5 19. Be3 g5 20. g3 Nd5 21.
Nc4 f4 22. Bd2 Bf6 23. Bc3 fxg3 24. fxg3 Ne3 25. Nxe3 Rxe3 26. Kf1 Rde8 27. Re1
Rxe1+ 28. Rxe1 Rxe1+ 29. Kxe1 Kd7 30. Kd2 Kd6 31. Kd3 Kd5 32. g4 a6 33. b3 h6
34. Ba5 Bxd4 35. Bxc7 Bg7 36. Bd8 Kc5 37. Ke4 Kb4 38. Be7+ Kc3 39. b4 Kc4 40.
Kf3 Bc3 41. Bf8 Bxb4 42. Bxh6 Kd3 43. Bxg5 c5 44. Be7 a5 45. g5 c4 46. Bxb4
axb4 47. g6 c3 48. g7 c2 49. g8=Q c1=Q 50. Qd5+ Kc3 51. Qe5+ Kc4 52. Qf4+ Qxf4+
53. Kxf4 Kd3 54. h4 Kd2 55. h5 Kc2 56. h6 Kb2 57. h7 Kxa2 58. h8=Q b3 59. Qc3
b2 60. Qc2 Ka1 61. Qa4+ Kb1 62. Ke3 Kc1 63. Qc4+ Kb1 64. Kd3 Ka1 65. Qa4+ Kb1
66. Kc3 1-0

[Event "Montreal CC-ch"]
[Site "Montreal CAN"]
[Date "2014.06.15"]
[Round "5"]
[White "Gauthier, Denis"]
[Black "Lamoureux, Yvon"]
[Result "0-1"]
[WhiteElo "1967"]
[BlackElo "1696"]
[PlyCount "64"]
[EventDate "2014.06.01"]
[EventType "swiss"]
[EventRounds "5"]
[EventCountry "CAN"]

1. d4 Nf6 2. c4 c5 3. d5 e6 4. Nf3 exd5 5. cxd5 d6 6. Nc3 g6 7. e4 Bg7 8. h3
O-O 9. Bd3 a6 10. a4 Nbd7 11. O-O Re8 12. Re1 Qc7 13. Bf4 Nh5 14. Be3 Ne5 15.
Nxe5 Bxe5 16. Qd2 c4 17. Bf1 Bg7 18. Bd4 Bd7 19. Bxg7 Nxg7 20. a5 Rab8 21. Na4
Bb5 22. Nb6 f5 23. Qd4 Re5 24. f4 Rxe4 25. Rxe4 fxe4 26. Re1 Re8 27. Rxe4 Rxe4
28. Qxe4 Qc5+ 29. Kh2 c3 30. b4 Qc7 31. Na8 Qc8 32. Nb6 Qf5 0-1

[Event "Montreal CC-ch"]
[Site "Montreal CAN"]
[Date "2014.06.15"]
[Round "5"]
[White "Raduica, Gheorghe"]
[Black "Jacquet, Stephane"]
[Result "0-1"]
[WhiteElo "1451"]
[BlackElo "2087"]
[PlyCount "84"]
[EventDate "2014.06.01"]
[EventType "swiss"]
[EventRounds "5"]
[EventCountry "CAN"]

1. e4 d6 2. Nf3 Nf6 3. Nc3 g6 4. e5 Nfd7 5. exd6 cxd6 6. Bb5 Bg7 7. Bxd7+ Bxd7
8. d4 O-O 9. Ng5 Nc6 10. Be3 Qb6 11. Na4 Qa5+ 12. c3 b5 13. b4 Qxa4 14. Qxa4
bxa4 15. O-O Bg4 16. h3 Be2 17. Rfe1 Bc4 18. Ne4 Rab8 19. a3 a5 20. Nd2 Be6 21.
Ne4 axb4 22. axb4 Ra8 23. Ra3 f5 24. Ng5 Bb3 25. f4 e5 26. fxe5 dxe5 27. Nf3
exd4 28. Bxd4 Bxd4+ 29. cxd4 Nxb4 30. Rb1 Nc2 31. Raxb3 axb3 32. Rxb3 Rfb8 33.
Rc3 Rb2 34. d5 Ra1+ 35. Kh2 Ne1 36. Nxe1 Rxe1 37. Rc8+ Kf7 38. d6 Rd1 39. Rc7+
Ke6 40. Rxh7 Rdd2 41. Re7+ Kxd6 42. Re1 Rxg2+ 0-1

[Event "Montreal CC-ch"]
[Site "Montreal CAN"]
[Date "2014.06.15"]
[Round "5"]
[White "Rondon, Luciano"]
[Black "Bonneville-Roussy, Didier"]
[Result "1-0"]
[WhiteElo "1897"]
[BlackElo "1479"]
[PlyCount "89"]
[EventDate "2014.06.01"]
[EventType "swiss"]
[EventRounds "5"]
[EventCountry "CAN"]

1. d4 f5 2. g3 Nf6 3. Bg2 e6 4. c4 Be7 5. Nc3 O-O 6. Nf3 Ne4 7. O-O d6 8. Qc2
Nxc3 9. Qxc3 Bf6 10. Qc2 Nc6 11. Rd1 Qe8 12. d5 Ne7 13. dxe6 Bxe6 14. Ng5 Bxg5
15. Bxg5 Nc6 16. b3 h6 17. Bc1 Rd8 18. e3 Qf7 19. Bb2 Rd7 20. Rd2 a5 21. Bd5
Bxd5 22. cxd5 Ne5 23. Bxe5 dxe5 24. Rc1 g5 25. e4 Rfd8 26. Rcd1 Rd6 27. f3 f4
28. gxf4 gxf4 29. Rg2+ Kh8 30. Qc3 Qe7 31. Rc1 R8d7 32. Qxa5 Ra6 33. Qc5 Qd6
34. Qxd6 Raxd6 35. Rgc2 Rg6+ 36. Kh1 Rgg7 37. Rg1 Kg8 38. Rxg7+ Rxg7 39. Rg2 h5
40. a4 h4 41. Rxg7+ Kxg7 42. Kg2 Kg6 43. Kh3 Kh5 44. b4 Kg5 45. a5 1-0

[Event "Montreal CC-ch"]
[Site "Montreal CAN"]
[Date "2014.06.15"]
[Round "5"]
[White "Sprumont, Oscar"]
[Black "Gauthier, Luc"]
[Result "1-0"]
[WhiteElo "2042"]
[BlackElo "1776"]
[PlyCount "75"]
[EventDate "2014.06.01"]
[EventType "swiss"]
[EventRounds "5"]
[EventCountry "CAN"]

1. Nf3 f5 2. c4 Nf6 3. g3 e6 4. Bg2 Be7 5. O-O O-O 6. Nc3 d6 7. d4 Qe8 8. Re1
Qg6 9. Qb3 c6 10. Qc2 d5 11. Rb1 a5 12. a3 Ne4 13. Na4 Nd7 14. c5 Bf6 15. Bf4
Qh5 16. Be5 g5 17. Bxf6 Rxf6 18. h4 f4 19. Nxg5 Nxg5 20. hxg5 Qxg5 21. gxf4
Qxf4 22. e3 Qg5 23. f4 Qg3 24. Qf2 Qxf2+ 25. Kxf2 e5 26. Kf3 e4+ 27. Kf2 Nf8
28. Nb6 Rb8 29. Rh1 Bf5 30. Rbg1 Rg6 31. Rh5 Bg4 32. Rh4 Re8 33. Bxe4 Rxe4 34.
Rhxg4 Rxg4 35. Rxg4+ Kf7 36. Nc8 Re6 37. Nd6+ Kf6 38. Nxb7 1-0

[Event "Montreal CC-ch"]
[Site "Montreal CAN"]
[Date "2014.06.15"]
[Round "5"]
[White "Struben, Jeroen"]
[Black "Sonn, Eric"]
[Result "1/2-1/2"]
[WhiteElo "1793"]
[BlackElo "1450"]
[PlyCount "74"]
[EventDate "2014.06.01"]
[EventType "swiss"]
[EventRounds "5"]
[EventCountry "CAN"]

1. d4 Nf6 2. c4 g6 3. g3 Bg7 4. Bg2 c5 5. d5 d6 6. Nc3 Na6 7. Nf3 Rb8 8. O-O
Nc7 9. a4 a6 10. a5 b6 11. axb6 Rxb6 12. e4 e5 13. Bd2 Rxb2 14. Na4 Rb8 15. Qc2
O-O 16. Ba5 Nfe8 17. Rab1 Rxb1 18. Rxb1 f5 19. Rb8 fxe4 20. Qxe4 Bf5 21. Rxd8
Bxe4 22. Ng5 Bf5 23. Ne4 Bxe4 24. Bxe4 Nf6 25. Rxf8+ Bxf8 26. Bf3 Nce8 27. Bd8
Kf7 28. Nc3 Bh6 29. Ne4 Nxe4 30. Bxe4 Nf6 31. Bc2 Bd2 32. f3 Nd7 33. Ba4 Ke8
34. Bf6 Kf7 35. Bd8 Ke8 36. Bf6 Kf7 37. Bd8 Ke8 1/2-1/2

[Event "Montreal CC-ch"]
[Site "Montreal CAN"]
[Date "2014.06.15"]
[Round "5"]
[White "Tremblay, Alain"]
[Black "Lopez Linares, Lizandro"]
[Result "1/2-1/2"]
[WhiteElo "2164"]
[BlackElo "2189"]
[PlyCount "87"]
[EventDate "2014.06.01"]
[EventType "swiss"]
[EventRounds "5"]
[EventCountry "CAN"]

1. e4 c6 2. d4 d5 3. exd5 cxd5 4. c4 Nf6 5. Nc3 Nc6 6. Bg5 e6 7. Nf3 Be7 8. Bd3
dxc4 9. Bxc4 O-O 10. O-O Na5 11. Bd3 b6 12. Bc2 Ba6 13. Re1 Nc4 14. Bxf6 Bxf6
15. Qd3 g6 16. Ne4 Be7 17. Rac1 b5 18. b3 Na3 19. Bd1 Rc8 20. Rxc8 Qxc8 21. h4
Kg7 22. h5 b4 23. Qd2 Nb1 24. Qf4 Qb8 25. Qe3 Bb7 26. Nc5 Bc6 27. Ne5 Bd5 28.
Ncd7 Qc7 29. Nxf8 Bxf8 30. Ng4 Be7 31. Bf3 Nc3 32. Bxd5 Nxd5 33. Qh6+ Kg8 34.
hxg6 hxg6 35. Ne5 Nc3 36. Qd2 a5 37. g3 Qb7 38. Kh2 Bf6 39. Ng4 Bg7 40. Ne5 Qc7
41. Nc4 Qd8 42. Ne5 Qc7 43. Nc4 Qd8 44. Ne5 1/2-1/2

[Event "Montreal CC-ch"]
[Site "Montreal CAN"]
[Date "2014.06.15"]
[Round "5"]
[White "Varfalvy, Peter"]
[Black "Perna-Fraser, David"]
[Result "0-1"]
[WhiteElo "1461"]
[BlackElo "1811"]
[PlyCount "36"]
[EventDate "2014.06.01"]
[EventType "swiss"]
[EventRounds "5"]
[EventCountry "CAN"]

1. d4 f5 2. Bf4 Nf6 3. e3 e6 4. Nf3 Be7 5. Bd3 O-O 6. Nbd2 Nd5 7. c4 Nxf4 8.
exf4 b6 9. Qc2 Nc6 10. a3 Bf6 11. Ne5 Nxd4 12. Qa4 Bxe5 13. fxe5 Bb7 14. O-O
Qg5 15. g3 Qxd2 16. Rad1 Nf3+ 17. Kg2 Qh6 18. h4 Nxh4+ 0-1

[Event "Montreal CC-ch"]
[Site "Montreal CAN"]
[Date "2014.06.15"]
[Round "5"]
[White "Zumsteg, Nicolas"]
[Black "He, Shao Hang"]
[Result "1-0"]
[WhiteElo "1730"]
[BlackElo "1689"]
[PlyCount "39"]
[EventDate "2014.06.01"]
[EventType "swiss"]
[EventRounds "5"]
[EventCountry "CAN"]

1. d4 d5 2. c4 c6 3. e3 Nf6 4. Nc3 Bf5 5. Qb3 b6 6. cxd5 cxd5 7. Bb5+ Bd7 8.
Nxd5 e6 9. Nxf6+ Qxf6 10. Nf3 Bd6 11. O-O O-O 12. e4 Qe7 13. e5 Bc7 14. Bd3 Bc6
15. Bxh7+ Kxh7 16. Ng5+ Kg6 17. Qh3 Qxg5 18. Bxg5 Kxg5 19. f4+ Kg6 20. g4 1-0

[Event "Montreal op"]
[Site "Montreal CAN"]
[Date "2014.09.05"]
[Round "1"]
[White "Laptos, Kris"]
[Black "Jacquet, Stephane"]
[Result "1-0"]
[WhiteElo "2278"]
[BlackElo "2040"]
[PlyCount "75"]
[EventDate "2014.09.05"]
[EventType "swiss"]
[EventRounds "5"]
[EventCountry "CAN"]

1. e4 d6 2. d4 Nf6 3. Nc3 g6 4. g3 Bg7 5. Bg2 O-O 6. Nge2 Bg4 7. h3 Bxe2 8.
Qxe2 Nc6 9. Be3 e5 10. d5 Nd4 11. Qd2 Re8 12. Nd1 c5 13. a4 a6 14. O-O b5 15.
Bg5 Qd7 16. axb5 axb5 17. Rxa8 Rxa8 18. c3 Nb3 19. Qe3 Qa7 20. f4 Nh5 21. f5 f6
22. g4 fxg5 23. gxh5 c4 24. hxg6 hxg6 25. fxg6 g4 26. Qxa7 Rxa7 27. Ne3 Nd2 28.
Rd1 Nf3+ 29. Bxf3 gxf3 30. Nf5 Bf8 31. Kf2 Ra2 32. Kxf3 Rxb2 33. Ra1 Rb3 34.
Ra8 Rxc3+ 35. Kg4 Rc1 36. Kg5 Rg1+ 37. Kf6 c3 38. Nh6+ 1-0

[Event "Montreal op"]
[Site "Montreal CAN"]
[Date "2014.09.05"]
[Round "1"]
[White "Libersan, Thierry"]
[Black "Gauthier, Denis"]
[Result "1-0"]
[WhiteElo "2212"]
[BlackElo "1922"]
[PlyCount "51"]
[EventDate "2014.09.05"]
[EventType "swiss"]
[EventRounds "5"]
[EventCountry "CAN"]

1. e4 d6 2. d4 Nf6 3. f3 g6 4. c4 Bg7 5. Nc3 O-O 6. Be3 e5 7. Nge2 Nc6 8. Qd2
Nh5 9. d5 Ne7 10. g4 Nf4 11. Nxf4 exf4 12. Bxf4 c6 13. Bh6 cxd5 14. Bxg7 Kxg7
15. cxd5 a6 16. O-O-O b5 17. Kb1 Rb8 18. Ne2 b4 19. Nd4 Bd7 20. h4 h6 21. h5 g5
22. Bxa6 Qa5 23. Bc4 Rfc8 24. Rc1 Ra8 25. Bb3 Rcb8 26. Rc2 1-0

[Event "Montreal op"]
[Site "Montreal CAN"]
[Date "2014.09.05"]
[Round "1"]
[White "Masse, Hugues"]
[Black "Cardona, Misael"]
[Result "1-0"]
[WhiteElo "2305"]
[BlackElo "2111"]
[PlyCount "81"]
[EventDate "2014.09.05"]
[EventType "swiss"]
[EventRounds "5"]
[EventCountry "CAN"]

1. d4 f5 2. g3 Nf6 3. Bg2 d6 4. Nf3 g6 5. O-O Bg7 6. b3 O-O 7. Bb2 c6 8. c4 h6
9. Nbd2 Qe8 10. Qc2 g5 11. e4 fxe4 12. Nxe4 Na6 13. Rae1 Qh5 14. Nxf6+ Bxf6 15.
Nd2 Qf7 16. Ne4 Bg7 17. f4 g4 18. Qe2 Bf5 19. Nf2 Nb4 20. Be4 d5 21. Bxf5 Qxf5
22. Qd2 c5 23. dxc5 Nc2 24. Re2 Bxb2 25. Qxc2 Qxc2 26. Rxc2 Bd4 27. cxd5 Rad8
28. c6 Rxd5 29. cxb7 Rb5 30. Rc7 e5 31. Kg2 Bb6 32. Rc8 Bxf2 33. Rxf2 Rxb7 34.
Rxf8+ Kxf8 35. fxe5+ Ke7 36. h3 Ke6 37. Re2 h5 38. hxg4 hxg4 39. Re4 Rc7 40.
Rxg4 Kxe5 41. Ra4 1-0

[Event "Montreal op"]
[Site "Montreal CAN"]
[Date "2014.09.05"]
[Round "1"]
[White "Nikulich, Oleksandr"]
[Black "Bolduc, Steve"]
[Result "0-1"]
[WhiteElo "2008"]
[BlackElo "2269"]
[PlyCount "44"]
[EventDate "2014.09.05"]
[EventType "swiss"]
[EventRounds "5"]
[EventCountry "CAN"]

1. Nf3 Nf6 2. d4 e6 3. g3 d5 4. Bg2 c5 5. O-O Nc6 6. b3 Be7 7. Bb2 O-O 8. Nbd2
b5 9. Re1 Bb7 10. dxc5 Bxc5 11. e3 Qe7 12. Ne5 Rfd8 13. Ndf3 Ne4 14. Qe2 a6 15.
Rad1 Bb4 16. Rf1 Nc3 17. Bxc3 Bxc3 18. Nxc6 Bxc6 19. Nd4 Bb7 20. Rd3 Rac8 21.
Rfd1 g6 22. Nf3 Rd7 0-1

[Event "Montreal op"]
[Site "Montreal CAN"]
[Date "2014.09.05"]
[Round "1"]
[White "Prahov, Valentin"]
[Black "Bouchard, Jean-Marc"]
[Result "1-0"]
[WhiteElo "2256"]
[BlackElo "1971"]
[PlyCount "83"]
[EventDate "2014.09.05"]
[EventType "swiss"]
[EventRounds "5"]
[EventCountry "CAN"]

1. e4 e6 2. d4 d5 3. e5 Bd7 4. Nf3 a6 5. c3 Bb5 6. Bxb5+ axb5 7. O-O h6 8. Be3
Ne7 9. Nbd2 c6 10. a4 bxa4 11. Rxa4 Nd7 12. Rxa8 Qxa8 13. Qa1 Qxa1 14. Rxa1 Nc8
15. Ra8 Kd8 16. b4 Ndb6 17. Ra2 Be7 18. Ne1 Kc7 19. Nd3 Kb8 20. Nc5 Na7 21.
Ndb3 Nb5 22. Bd2 Kc7 23. Kf1 Ra8 24. Rxa8 Nxa8 25. Ke2 Nb6 26. Na5 Bxc5 27.
bxc5 Na4 28. Kd3 b6 29. cxb6+ Kxb6 30. Nb3 Na3 31. Bc1 Nc4 32. g4 c5 33. Nd2
Kb5 34. h4 Nxd2 35. Bxd2 Nb2+ 36. Kc2 Nc4 37. Bc1 Nb6 38. Kd3 c4+ 39. Kc2 Kc6
40. Ba3 Nd7 41. h5 g6 42. g5 1-0